000 00384nam a2200157Ia 4500
005 20250325053355.0
008 240331s9999 xx 000 0 und d
020 _a8190080156
082 _bRAM
_a894
100 _aRamaswamy, S
245 0 _aKulantaikal penkal aankal
260 _aNagercoil
_bKalachchuvadu Pathippagam
_c1998
300 _a647 p .,
650 _aFiction
942 _cL
999 _c4114
_d4114